Municipios de la provincia de Cuenca - Estadísticas

Estadísticas generales
  • Esta prueba ha sido intentada 842 veces
  • La puntuación promedio es 35 de 238
Estadísticas de respuestas
Respuesta % Correcto
Cuenca
79%
Tarancón
75%
Motilla del Palancar
66%
Mota del Cuervo
58%
San Clemente
54%
Huete
52%
Belmonte
51%
Iniesta
48%
Alarcón
44%
Las Pedroñeras
42%
Minglanilla
42%
Quintanar del Rey
41%
Arcas
40%
Honrubia
39%
Uña
37%
Beteta
34%
Carrascosa
34%
Cañete
33%
Casas de Fernando Alonso
33%
Uclés
33%
Sisante
31%
Casasimarro
30%
Horcajo de Santiago
30%
Priego
30%
Saelices
30%
El Provencio
29%
Las Mesas
29%
Villanueva de la Jara
29%
La Almarcha
28%
San Lorenzo de la Parrilla
28%
Buendía
27%
Villar de Olalla
27%
Belinchón
26%
Campillo de Altobuey
26%
Villalba de la Sierra
26%
Castillo de Garcimuñoz
25%
Fuentes
25%
Montalbo
25%
El Picazo
24%
Landete
24%
Palomares del Campo
24%
Tragacete
24%
Villamayor de Santiago
24%
Barajas de Melo
23%
Cañamares
23%
Carboneras de Guadazaón
23%
Torrejoncillo del Rey
23%
El Pedernoso
22%
Las Majadas
22%
Villalpardo
22%
Villares del Saz
21%
Buenache de Alarcón
19%
Buenache de la Sierra
19%
Cardenete
19%
El Peral
19%
Mira
19%
Valverde de Júcar
19%
Cañaveras
18%
Cañizares
18%
Graja de Iniesta
18%
Moya
18%
Almodóvar del Pinar
17%
Casas de Haro
17%
Chillarón de Cuenca
17%
Pinarejo
17%
Santa María del Campo Rus
17%
Zarza de Tajo
17%
Abia de la Obispalía
16%
Almonacid del Marquesado
16%
Casas de Benítez
16%
El Hito
16%
Enguídanos
16%
Ledaña
16%
Pajarón
16%
Tébar
16%
Villar de Cañas
16%
Cañada del Hoyo
15%
La Alberca de Záncara
15%
La Hinojosa
15%
Los Hinojosos
15%
Olivares del Júcar
15%
Pajaroncillo
15%
Talayuelas
15%
Villarejo de Fuentes
15%
Almendros
14%
El Acebrón
14%
Las Valeras
14%
Mariana
14%
Salvacañete
14%
Villarrubio
14%
Albalate de las Nogueras
13%
Alcázar del Rey
13%
Belmontejo
13%
Cervera del Llano
13%
El Cañavate
13%
Huerta del Marquesado
13%
La Frontera
13%
Reíllo
13%
Torrubia del Campo
13%
Tribaldos
13%
Vega del Codorno
13%
Villalba del Rey
13%
Villarta
13%
Atalaya del Cañavate
12%
Boniches
12%
Fuente de Pedro Naharro
12%
Gabaldón
12%
Huélamo
12%
Olmeda del Rey
12%
Osa de la Vega
12%
Paredes
12%
Poyatos
12%
Pozoamargo
12%
Pozorrubio de Santiago
12%
Tresjuncos
12%
Villaconejos de Trabaque
12%
Villar del Humo
12%
Altarejos
11%
Castillejo de Iniesta
11%
Olmedilla de Alarcón
11%
Palomera
11%
Puebla de Almenara
11%
Santa María de los Llanos
11%
Vara de Rey
11%
Villar de Domingo García
11%
Villarejo-Periesteban
11%
Zafra de Záncara
11%
Albaladejo del Cuende
10%
Aliaguilla
10%
Cañada Juncosa
10%
Casas de los PInos
10%
Hontanaya
10%
Huelves
10%
Huerta de la Obispalía
10%
Tinajas
10%
Torralba
10%
Villaescusa de Haro
10%
Villaverde y Pasaconsol
10%
Zarzuela
10%
Albendea
9%
Beamud
9%
Campos del Paraíso
9%
El Herrumblar
9%
Fuertescusa
9%
Zafrilla
9%
Alcantud
8%
Alconchel de la Estrella
8%
Barchín del Hoyo
8%
Cañaveruelas
8%
Gascueña
8%
Montalbanejo
8%
Mota de Altarejos
8%
Torrubia del Castillo
8%
Vellisca
8%
Villagarcía del Llano
8%
Algarra
7%
Arguisuelas
7%
Arrancacepas
7%
Campillos - Paravientos
7%
Chumillas
7%
Cueva del Hierro
7%
Fuentelespino de Haro
7%
Fuentelespino de Moya
7%
Garaballa
7%
Hontecillas
7%
La Peraleja
7%
Leganiel
7%
Monteagudo de las Salinas
7%
Olmeda de la Cuesta
7%
Santa Cruz de Moya
7%
Valdemeca
7%
Valdemorillo de la Sierra
7%
Arcos de la Sierra
6%
Campillos - Sierra
6%
Canalejas del Arroyo
6%
Castejón
6%
Fresneda de Altarejos
6%
La Cierva
6%
Laguna del Marquesado
6%
La Pesquera
6%
Masegosa
6%
Paracuellos
6%
Rozalén del Monte
6%
Tejadillos
6%
Valverdejo
6%
Villar de la Encina
6%
Víllora
6%
Alcalá de la Vega
5%
Alcohujate
5%
Carrascosa de Haro
5%
Casas de Guijarro
5%
El Pozuelo
5%
Fresneda de la Sierra
5%
Lagunaseca
5%
La Parra de las Vegas
5%
Portilla
5%
Puebla del Salvador
5%
Saceda-Trasierra
5%
Salinas del Manzano
5%
Santa María del Val
5%
Sotorribas
5%
Valdemoro-Sierra
5%
Valdeolivas
5%
Villalgordo del Marquesado
5%
Buciegas
4%
Casas de Garcimolina
4%
Fuentenava de Jábaga
4%
Henarejos
4%
Huérguina
4%
Monreal del Llano
4%
Rada de Haro
4%
San Pedro Palmiches
4%
Solera de Gabaldón
4%
Valhermoso de la Fuente
4%
Villar del Infantado
4%
Yémeda
4%
Arandilla del Arroyo
3%
Bascuñana de San Pedro
3%
El Valle de Altomira
3%
Graja de Campalbo
3%
Narboneta
3%
Pineda de Cigüela
3%
Piqueras del Castillo
3%
Portalrubio de Guadamejud
3%
Pozorrubielos de la Mancha
3%
Salmeroncillos
3%
San Martín de Boniches
3%
Villanueva de Guadamejud
3%
Villarejo de la Peñuela
3%
Vindel
3%
Castillejo - Sierra
2%
Los Valdecolmenas
2%
Olmedilla de Eliz
2%
Valsalobre
2%
Castillo-Albaráñez
1%
Valdetórtola
1%
Villar y Velasco
1%
Villas de la Ventosa
1%
No se encontraron pruebas coincidentes
Distribución de puntuación
Porcentaje de gente con cada puntuación
Porcentaje por número respondido
Historial de tus puntuaciones
No has intentado esta prueba.